书目信息 |
| 题名: |
当代北京中轴线史话
|
|
| 作者: | 郭欣 著 ;当代北京编辑部 编 | |
| 分册: | ||
| 出版信息: | 北京 首都师范大学出版社 2017 |
|
| 页数: | 175页 | |
| 开本: | 23cm | |
| 丛书名: | 当代北京史话丛书 | |
| 单 册: | ||
| 中图分类: | TU984.21 | |
| 科图分类: | ||
| 主题词: | 城市规划--介绍--北京 | |
| 电子资源: | ||
| ISBN: | 978-7-5656-3593-9 | |
| 000 | 01193oam2 2200265 450 | |
| 001 | 1996 | |
| 005 | 20180522155630.24 | |
| 010 | @a978-7-5656-3593-9@dCNY39.00 | |
| 100 | @a20180412d2017 em y0chiy50 ea | |
| 101 | 0 | @achi |
| 102 | @aCN@b110000 | |
| 105 | @aa z 000yy | |
| 200 | 1 | @a当代北京中轴线史话@9dang dai bei jing zhong zhou xian shi hua@f郭欣著@g当代北京编辑部编 |
| 210 | @a北京@c首都师范大学出版社@d2017 | |
| 215 | @a175页@c照片@d23cm | |
| 225 | 1 | @a当代北京史话丛书@f陶一凡主编 |
| 314 | @a郭欣,男,中国作家协会会员,新闻与大众传播学硕士,在新闻出版界从业30余年,历任编辑部主任、常务副总编辑、总编辑。文史类专著《春天的恋情》《橙色年代》等8部。文学作品多次获全国性奖项。 | |
| 330 | @a本书是当代北京史话丛书中的一本,本书主要介绍北京中轴线的形成、发展与变迁。本书共有七章,按时间顺序介绍了北京中轴线五千年来的历史变迁,内容通俗易懂,有助于读者全方位了解北京的历史和文化,也是研究北京中轴线的重要参考资料。 | |
| 461 | 0 | @12001 @a当代北京史话丛书 |
| 606 | 0 | @a城市规划@x介绍@y北京 |
| 690 | @aTU984.21@v5 | |
| 701 | 0 | @a郭欣@9guo xin@4著 |
| 712 | 02 | @a当代北京编辑部@9dang dai bei jing bian ji bu@4编 |
| 801 | 0 | @aCN@b91MARC@c20180412 |
| 905 | @aMuseLib@dTU984.21@e1408 | |
| 当代北京中轴线史话/郭欣著/当代北京编辑部编.-北京:首都师范大学出版社,2017 |
| 175页:照片;23cm.-(当代北京史话丛书/陶一凡主编) |
| ISBN 978-7-5656-3593-9:CNY39.00 |
| 本书是当代北京史话丛书中的一本,本书主要介绍北京中轴线的形成、发展与变迁。本书共有七章,按时间顺序介绍了北京中轴线五千年来的历史变迁,内容通俗易懂,有助于读者全方位了解北京的历史和文化,也是研究北京中轴线的重要参考资料。 |
| ● |
| 相关链接 |
|
|
|
|
正题名:当代北京中轴线史话
索取号:TU984.21/1408
 
预约/预借
| 序号 | 登录号 | 条形码 | 馆藏地/架位号 | 状态 | 备注 |
| 1 | 1107537 | 211075370 | 第二样本阅览室/ [索取号:TU984.21/1408] | 在馆 | |
| 2 | 1107538 | 211075389 | 教育系资料室/ [索取号:TU984.21/1408] | 在馆 | |
| 3 | 1107539 | 211075398 | 教育系资料室/ [索取号:TU984.21/1408] | 在馆 | |
| 4 | 1107540 | 211075405 | 第三借阅区/ [索取号:TU984.21/1408] | 在馆 |